000 00871nam a2200265Ia 4500
003 OSt
005 20220927105629.0
006 a|||||r|||| 00| 0
007 ta
008 220926b |||||||| |||| 00| 0 eng d
020 _a9789211170603
024 _a196272
037 _cReference Collections
040 _aRTL
_cRTL
_beng
041 _2eng
_aeng
082 _a"U:(G:55).587.P, Q2/UN"
110 _aUNITED NATIONS ECONOMIC COMMISSION FOR EUROPE
245 0 _aEnvironmental performance reviews
_b Tajikistan
260 _aNew
_b"York, United Nations, "
_c2012
300 _a214p
_ccm.
490 _v01494303: Second Review
_aEnvironmental Performance Reviews Series No. 33
700 _aUNITED NATIONS ECONOMIC COMMISSION FOR EUROPE
942 _h"U:(G:55).587.P, Q2/UN"
_cCC
999 _c693491
_d693491